000 00315nam a22001337a 4500
008 181102b xxu||||| |||| 00| 0 eng d
020 _a9780781785945
041 _aeng
080 _212th
_a610.73
100 _a2
101 _aINF
245 _aTextbook of Medical-Surgical Nursing
_cKluwer,W
942 _2udc
_cBK
999 _c51578
_d51578